| 000 | 00519nam a2200193Ia 4500 | ||
|---|---|---|---|
| 003 | OSt | ||
| 005 | 20240321121534.0 | ||
| 008 | 210210b1979 xxu||||| |||| 00| 0 eng d | ||
| 040 | _cAL | ||
| 041 | _aKannada | ||
| 082 | _aK894.3 RUKS | ||
| 100 |
_aRUKMINIDEVI ( M N). _dರುಕ್ಮಿಣಿದೇವಿ ಎಂ ಏನ್ _9155974 |
||
| 245 |
_aShila. _b ಶೀಲಾ |
||
| 260 |
_aBengaluru _bBharani Prakashana _c1979 |
||
| 300 | _a112 | ||
| 690 |
_aKannada Fiction _9155975 |
||
| 906 | _a034329 | ||
| 942 |
_2ddc _cBK |
||
| 999 |
_c85235 _d85235 |
||